[Event "20th HZ Open 2016"]
[Site "Vlissingen NED"]
[Date "2016.08.06"]
[Round "1.12"]
[White "Snuverink, Marc"]
[Black "Stany, G.A."]
[Result "0-1"]
[BlackTitle "IM"]
[WhiteElo "1932"]
[BlackElo "2476"]
[WhiteFideId "1050559"]
[BlackFideId "5029104"]
[EventDate "2016.08.06"]

1. e4 c5 2. d3 Nc6 3. g3 g6 4. Bg2 Bg7 5. f4 d6 6. Nf3 e6 7. Nc3 Nge7 8. O-O O-O
9. Bd2 Rb8 10. Rb1 b5 11. Ne2 b4 12. c3 Qa5 13. cxb4 cxb4 14. a4 Ba6 15. Be1 e5
16. Nh4 f5 17. b3 fxe4 18. Bxe4 exf4 19. Nxf4 d5 20. Bg2 g5 21. Ne6 Rxf1+ 22.
Bxf1 gxh4 23. Nxg7 Kxg7 24. Qg4+ Kh8 25. Bd2 Qb6+ 26. Kh1 Ne5 27. Qxh4 Nf3 0-1

[Event "20th HZ Open 2016"]
[Site "Vlissingen NED"]
[Date "2016.08.06"]
[Round "1.13"]
[White "Liang, Awonder"]
[Black "Schilstra, Laurens"]
[Result "1-0"]
[WhiteTitle "IM"]
[WhiteElo "2465"]
[BlackElo "1927"]
[WhiteFideId "2056437"]
[BlackFideId "1043218"]
[EventDate "2016.08.06"]

1. e4 c5 2. Nf3 e6 3. d4 cxd4 4. Nxd4 Nc6 5. Nc3 Qc7 6. Be2 a6 7. Be3 Nf6 8. O-O
d6 9. f4 Be7 10. Qe1 Nd7 11. Qg3 Bf6 12. Nxc6 bxc6 13. e5 dxe5 14. Ne4 exf4 15.
Bxf4 Qb6+ 16. Kh1 Qd4 17. Nd6+ Kf8 18. Rad1 Qa7 19. Bh5 g6 20. Bh6+ Kg8 21. Rxf6
Nxf6 22. Ne4 Qe7 23. Nxf6+ Qxf6 24. Qe5 Qxe5 25. Rd8# 1-0

[Event "20th HZ Open 2016"]
[Site "Vlissingen NED"]
[Date "2016.08.06"]
[Round "1.14"]
[White "Van de Poel, Taco"]
[Black "Debashis, Das"]
[Result "0-1"]
[BlackTitle "GM"]
[WhiteElo "1921"]
[BlackElo "2459"]
[WhiteFideId "1020102"]
[BlackFideId "5024854"]
[EventDate "2016.08.06"]

1. e4 c5 2. Nf3 d6 3. d4 cxd4 4. Nxd4 Nf6 5. Nc3 a6 6. Bc4 e6 7. Bb3 Nbd7 8. O-O
Nc5 9. Qe2 Be7 10. f4 O-O 11. Rd1 Qc7 12. Kh1 b5 13. e5 dxe5 14. fxe5 Nfd7 15.
Bf4 Bb7 16. Rac1 Rfd8 17. Qg4 Nxe5 18. Qg3 Bf6 19. Nf3 Bxf3 20. gxf3 b4 21. Ne2
Rxd1+ 22. Rxd1 Nxb3 23. cxb3 Qc5 24. Rc1 Qd5 25. Kg2 Nd3 26. Rf1 Rc8 27. Kh1 g6
28. Bh6 a5 29. Kg1 Qc5+ 30. Kg2 Qc2 0-1

[Event "20th HZ Open 2016"]
[Site "Vlissingen NED"]
[Date "2016.08.06"]
[Round "1.15"]
[White "Wan, Yunguo"]
[Black "Wedda, Dries"]
[Result "1-0"]
[WhiteTitle "GM"]
[WhiteElo "2458"]
[BlackElo "1920"]
[WhiteFideId "8603189"]
[BlackFideId "1053787"]
[EventDate "2016.08.06"]

1. e4 c5 2. Nf3 d6 3. d4 cxd4 4. Nxd4 Nf6 5. Nc3 a6 6. a4 e5 7. Nf3 Be7 8. Bg5
Nbd7 9. a5 h6 10. Bh4 b5 11. axb6 Bb7 12. Nd2 Qxb6 13. Nc4 Qc7 14. Bxf6 Nxf6 15.
Ne3 Nxe4 16. Nxe4 Bxe4 17. Qg4 Qb7 18. Qxg7 Qxb2 19. Bb5+ axb5 20. Rxa8+ Bxa8
21. Qxh8+ Bf8 22. O-O Be4 23. Qg8 Bxc2 24. Qg4 Bb3 25. Qc8+ Ke7 26. Nf5+ Kf6 27.
g4 Qe2 28. Ng3 Qf3 29. Qxf8 Bd5 30. Nh5+ Kg5 31. Qg7+ Kh4 32. Qf6+ Kxg4 33.
Qxf3+ Kxf3 34. Rd1 1-0

[Event "20th HZ Open 2016"]
[Site "Vlissingen NED"]
[Date "2016.08.06"]
[Round "1.16"]
[White "Huijzer, Jacques"]
[Black "Admiraal, Miguoel"]
[Result "0-1"]
[BlackTitle "IM"]
[WhiteElo "1917"]
[BlackElo "2458"]
[WhiteFideId "1012282"]
[BlackFideId "1019716"]
[EventDate "2016.08.06"]

1. e4 c5 2. c3 Nf6 3. e5 Nd5 4. d4 cxd4 5. cxd4 e6 6. Nf3 d6 7. Bb5+ Bd7 8.
Bxd7+ Nxd7 9. O-O Be7 10. Bd2 O-O 11. Nc3 Nxc3 12. Bxc3 Nb6 13. Ba5 dxe5 14.
dxe5 Qxd1 15. Rfxd1 Nd5 16. Rac1 Rfc8 17. g3 Kf8 18. a3 Ke8 19. Kf1 h6 20. Ke2
Bc5 21. h4 Rc6 22. b4 Bb6 23. Rxc6 bxc6 24. Bxb6 axb6 25. Rd3 c5 26. bxc5 bxc5
27. Nd2 Ra4 28. Kd1 Kd7 29. Kc2 Kc6 30. Rb3 c4 31. Rb8 Rxa3 32. Rc8+ Kb5 33.
Rb8+ Kc5 34. Rc8+ Kd4 35. Rxc4+ Kxe5 36. Rc5 Ra2+ 37. Kd3 f5 38. Rc4 g5 39. hxg5
hxg5 40. f4+ gxf4 41. Nf3+ Kf6 42. gxf4 Rf2 43. Nd2 Nxf4+ 44. Ke3 Re2+ 45. Kxf4
Rxd2 46. Rc3 e5+ 0-1

[Event "20th HZ Open 2016"]
[Site "Vlissingen NED"]
[Date "2016.08.06"]
[Round "1.17"]
[White "Rathnakaran, K."]
[Black "Janse, Sebastiaan"]
[Result "1-0"]
[WhiteTitle "IM"]
[WhiteElo "2452"]
[BlackElo "1903"]
[WhiteFideId "5005507"]
[BlackFideId "36052191"]
[EventDate "2016.08.06"]

1. e4 e5 2. Nf3 Nc6 3. Bc4 Nf6 4. d3 Be7 5. Nc3 d6 6. a3 Bg4 7. h3 Bh5 8. g4 Bg6
9. h4 h5 10. g5 Nd7 11. Be3 Nb6 12. Ba2 Qd7 13. Qe2 O-O-O 14. b4 f5 15. b5 Nb8
16. a4 fxe4 17. dxe4 Rhf8 18. Nd2 c5 19. a5 Na8 20. a6 bxa6 21. bxa6 Nb6 22. Nd5
Nc6 23. Rb1 Nb4 24. Rxb4 Nxd5 25. Bxd5 cxb4 26. Qc4+ Qc7 27. Bb7+ 1-0

[Event "20th HZ Open 2016"]
[Site "Vlissingen NED"]
[Date "2016.08.06"]
[Round "1.18"]
[White "Schrickx, Frank"]
[Black "Venkatesh, M.R."]
[Result "0-1"]
[BlackTitle "GM"]
[WhiteElo "1900"]
[BlackElo "2450"]
[WhiteFideId "208957"]
[BlackFideId "5005779"]
[EventDate "2016.08.06"]

1. e4 c5 2. c3 Nf6 3. e5 Nd5 4. d4 cxd4 5. cxd4 d6 6. Nf3 e6 7. Nc3 Nxc3 8. bxc3
Qc7 9. Qb3 Nc6 10. Bf4 d5 11. Bb5 Bd7 12. O-O Na5 13. Qa4 b6 14. Nd2 Rc8 15.
Rfc1 a6 16. Bxd7+ Qxd7 17. Qxd7+ Kxd7 18. a4 Rc6 19. Rab1 Ba3 20. Rc2 Rhc8 21.
g3 Kc7 22. Kf1 Kb7 23. Nb3 Nxb3 24. Rxb3 Be7 25. Bd2 Rc4 26. Rcb2 R8c6 27. Ra2
g5 28. f4 gxf4 29. gxf4 a5 30. Rb1 Rc8 31. Rab2 Bd8 32. Ra1 Bc7 33. Be1 Rg8 34.
Rg2 Rxg2 35. Kxg2 Kc6 36. Kf3 b5 37. axb5+ Kxb5 38. Ke3 Ra4 39. Rb1+ Kc6 40. Kd3
Ra2 41. Bg3 a4 42. Rb4 h5 43. c4 Ba5 44. cxd5+ exd5 45. Rb8 a3 46. Rb3 Rd2+ 47.
Ke3 a2 48. Ra3 Bb4 49. Ra8 Rb2 50. f5 Rb3+ 0-1

[Event "20th HZ Open 2016"]
[Site "Vlissingen NED"]
[Date "2016.08.06"]
[Round "1.19"]
[White "Zelbel, Patrick"]
[Black "Krosenbrink, Marcel"]
[Result "1-0"]
[WhiteTitle "IM"]
[WhiteElo "2445"]
[BlackElo "1894"]
[WhiteFideId "24624322"]
[BlackFideId "1033271"]
[EventDate "2016.08.06"]

1. e4 c6 2. c4 d5 3. exd5 cxd5 4. cxd5 Nf6 5. Nc3 Nxd5 6. Nf3 Nxc3 7. bxc3 g6 8.
Bb5+ Bd7 9. a4 Bg7 10. O-O O-O 11. d4 a6 12. Bd3 Nc6 13. Re1 Re8 14. Bc4 Na5 15.
Ba2 b5 16. Ng5 e6 17. Qf3 Bf6 18. Ne4 Be7 19. d5 f5 20. Ng5 Bxg5 21. dxe6 Bxe6
22. Rxe6 1-0

[Event "20th HZ Open 2016"]
[Site "Vlissingen NED"]
[Date "2016.08.06"]
[Round "1.20"]
[White "Le Clercq, Maxim"]
[Black "Beerdsen, Thomas"]
[Result "0-1"]
[BlackTitle "FM"]
[WhiteElo "1894"]
[BlackElo "2424"]
[WhiteFideId "1027476"]
[BlackFideId "1030108"]
[EventDate "2016.08.06"]

1. c4 e5 2. Nc3 d6 3. g3 f5 4. Bg2 Nf6 5. d3 Be7 6. Nf3 O-O 7. O-O Qe8 8. b4 Qh5
9. Qb3 Kh8 10. c5 Nc6 11. Nb5 e4 12. Ng5 dxc5 13. dxe4 fxe4 14. Nxe4 a6 15. Bf3
Bg4 16. Nxf6 Bxf6 17. Bxg4 Qxg4 0-1

[Event "20th HZ Open 2016"]
[Site "Vlissingen NED"]
[Date "2016.08.06"]
[Round "1.21"]
[White "Docx, Stefan"]
[Black "De Jonge, Edwin"]
[Result "1-0"]
[WhiteTitle "IM"]
[WhiteElo "2420"]
[BlackElo "1892"]
[WhiteFideId "200778"]
[BlackFideId "1055690"]
[EventDate "2016.08.06"]

1. Nf3 Nf6 2. c4 c6 3. Nc3 d5 4. e3 e6 5. b3 Nbd7 6. Bb2 Bd6 7. Qc2 O-O 8. Rg1
Ng4 9. h3 Nge5 10. Nxe5 Nxe5 11. f4 Ng6 12. O-O-O dxc4 13. Bxc4 b5 14. Be2 Bb7
15. Kb1 a6 16. Ne4 f5 17. Qc3 Rf7 18. Ng5 Rf6 19. Nxe6 Qe7 20. Nd4 c5 21. Nc2
Nxf4 22. Bf3 Ng6 23. Rgf1 Bc7 24. d3 Be5 25. Qd2 Bxb2 26. Kxb2 Bxf3 27. gxf3 Rc8
28. Kb1 c4 29. dxc4 bxc4 30. Qd5+ Kh8 31. bxc4 Rb6+ 32. Ka1 Ne5 33. Rd4 Rcb8 34.
Rc1 Nc6 35. c5 Nxd4 36. cxb6 Nxc2+ 37. Rxc2 Qxe3 38. b7 Qg1+ 39. Kb2 Qb6+ 40.
Ka3 Qe3+ 41. Ka4 Qf4+ 42. Qc4 1-0

[Event "20th HZ Open 2016"]
[Site "Vlissingen NED"]
[Date "2016.08.06"]
[Round "1.22"]
[White "Mostertman, Johan"]
[Black "Mu, Ke"]
[Result "0-1"]
[WhiteElo "1889"]
[BlackElo "2419"]
[WhiteFideId "1029185"]
[BlackFideId "8602778"]
[EventDate "2016.08.06"]

1. Nf3 Nf6 2. d4 g6 3. c4 Bg7 4. Nc3 d5 5. Bf4 dxc4 6. Qa4+ Bd7 7. Qxc4 O-O 8.
e3 Na6 9. Be2 c5 10. Qb3 cxd4 11. Nxd4 Nc5 12. Qd1 Nfe4 13. Nxe4 Nxe4 14. Qb1
Nxf2 15. O-O e5 16. Bg3 Nh3+ 17. gxh3 exd4 18. Qe4 Bc6 19. Qf4 dxe3 20. Rad1 Qe7
21. Bh4 Qe6 22. Qg4 Qxg4+ 23. hxg4 Bxb2 24. Bg5 Rae8 25. Bh6 Bg7 26. Bf4 Re4 27.
Bg5 Rfe8 28. Rc1 h6 29. Bh4 f5 30. h3 Ra4 31. Be1 fxg4 32. hxg4 Kh8 33. Rc2 Bd5
34. Bc3 Bxc3 35. Rxc3 Rxa2 36. Re1 Re7 37. Rc8+ Kg7 38. g5 hxg5 39. Kh2 Bf3 40.
Kg3 Rxe2 0-1

[Event "20th HZ Open 2016"]
[Site "Vlissingen NED"]
[Date "2016.08.06"]
[Round "1.23"]
[White "Sukandar, Irine Kharisma"]
[Black "Minnema, Rens"]
[Result "1-0"]
[WhiteTitle "IM"]
[WhiteElo "2418"]
[BlackElo "1888"]
[WhiteFideId "7101937"]
[BlackFideId "1041096"]
[EventDate "2016.08.06"]

1. e4 d6 2. d4 Nf6 3. Nc3 g6 4. Bc4 Bg7 5. Qe2 e5 6. dxe5 dxe5 7. Nf3 Qe7 8. a4
O-O 9. b3 Nbd7 10. Ba3 c5 11. a5 b6 12. a6 h6 13. O-O Rd8 14. Rfd1 Nf8 15. Rxd8
Qxd8 16. b4 Ne6 17. Bxe6 Bxe6 18. Rd1 Qc7 19. Nb5 Qc6 20. Nxe5 Qxe4 21. Qxe4
Nxe4 22. Nc6 Bc4 23. Nc7 Rf8 24. bxc5 Nxc5 25. Bxc5 bxc5 26. Nxa7 Be5 27. Nab5
Rc8 28. a7 Bxb5 29. Nxb5 Kg7 30. Rd5 Bd4 31. Nc7 1-0

[Event "20th HZ Open 2016"]
[Site "Vlissingen NED"]
[Date "2016.08.06"]
[Round "1.24"]
[White "Reichardt, Gert"]
[Black "Eisenbeiser, Amadeus"]
[Result "0-1"]
[BlackTitle "IM"]
[WhiteElo "1888"]
[BlackElo "2416"]
[WhiteFideId "1051539"]
[BlackFideId "4678338"]
[EventDate "2016.08.06"]

1. d4 d6 2. Nf3 g6 3. Bf4 Bg7 4. e3 Nd7 5. Be2 e5 6. Bg3 Ne7 7. c3 Nf5 8. Nbd2
O-O 9. e4 Nxg3 10. hxg3 Qe7 11. Qc2 c6 12. O-O-O Nf6 13. dxe5 dxe5 14. Ne1 b5
15. f4 Bg4 16. Bf3 Bxf3 17. gxf3 Nh5 18. Rxh5 gxh5 19. fxe5 Qg5 20. f4 Qxg3 21.
f5 Bxe5 22. Nef3 Kh8 23. Rg1 Qf4 24. Rh1 Rg8 25. b3 Rg2 26. Qd3 Bf6 27. Qf1 Rag8
28. c4 h4 29. Qe1 Rd8 30. e5 Bg5 31. e6 Rdxd2 32. Nxd2 Rxd2 33. Rf1 Rf2+ 0-1

[Event "20th HZ Open 2016"]
[Site "Vlissingen NED"]
[Date "2016.08.06"]
[Round "1.25"]
[White "Koop, Thorben"]
[Black "Moens, Patrick"]
[Result "1-0"]
[WhiteTitle "IM"]
[WhiteElo "2412"]
[BlackElo "1886"]
[WhiteFideId "24661619"]
[BlackFideId "263400"]
[EventDate "2016.08.06"]

1. Nf3 c5 2. g3 g6 3. Bg2 Bg7 4. d4 cxd4 5. Nxd4 Nc6 6. c3 Nxd4 7. cxd4 Qb6 8.
e3 e6 9. Nc3 d5 10. a4 Ne7 11. a5 Qd8 12. e4 dxe4 13. Nxe4 O-O 14. O-O f5 15.
Nc3 Bxd4 16. Qb3 Nc6 17. Rd1 Qf6 18. a6 Rf7 19. Nb5 Be5 20. f4 Bc7 21. Be3 Bb6
22. Bxb6 axb6 23. Nd6 Rd7 24. Nxc8 Rxd1+ 25. Rxd1 Rxa6 26. Nxb6 Nd4 27. Nd7 Nxb3
28. Nxf6+ Kg7 29. Nd7 b5 30. Ne5 Ra7 31. Nc6 Rc7 32. Nd4 Kf6 33. Nxb3 1-0

[Event "20th HZ Open 2016"]
[Site "Vlissingen NED"]
[Date "2016.08.06"]
[Round "1.26"]
[White "Van Haaften, Maarten"]
[Black "Kevlishvili, Robby"]
[Result "0-1"]
[BlackTitle "FM"]
[WhiteElo "1884"]
[BlackElo "2409"]
[WhiteFideId "1052586"]
[BlackFideId "1040634"]
[EventDate "2016.08.06"]

1. e4 c5 2. a3 g6 3. b4 Bg7 4. Nc3 d6 5. Rb1 Nc6 6. g3 Nf6 7. Bg2 O-O 8. Nge2
Rb8 9. b5 Nd4 10. O-O e5 11. Bb2 Be6 12. d3 Qd7 13. Nxd4 cxd4 14. Ne2 d5 15. c3
dxe4 16. cxd4 exd3 17. Qxd3 Bf5 18. Qb3 Bxb1 19. dxe5 Ng4 20. Rxb1 Qf5 21. Bd4
Bxe5 22. Bxa7 Ra8 23. Bc5 Rfc8 24. h3 Rxc5 25. hxg4 Qxg4 26. Bxb7 Rb8 27. Bf3
Rcxb5 0-1

[Event "20th HZ Open 2016"]
[Site "Vlissingen NED"]
[Date "2016.08.06"]
[Round "1.27"]
[White "Bosboom, Manuel"]
[Black "Albrecht, Alex"]
[Result "1-0"]
[WhiteTitle "IM"]
[WhiteElo "2400"]
[BlackElo "1875"]
[WhiteFideId "1000080"]
[BlackFideId "1013580"]
[EventDate "2016.08.06"]

1. d4 e6 2. Nf3 d5 3. c4 Nf6 4. Nc3 c6 5. e3 Bd6 6. Qc2 Nbd7 7. Bd2 Qe7 8. Rg1
e5 9. g4 dxc4 10. g5 Nd5 11. Bxc4 Nb4 12. Qb1 exd4 13. Nxd4 Ne5 14. Be2 O-O 15.
Ne4 Nd5 16. a3 f5 17. gxf6 Nxf6 18. Ng3 g6 19. Ngf5 Bxf5 20. Nxf5 Qd7 21. Qc2
Nd5 22. e4 Nf6 23. O-O-O Nxe4 24. Nh6+ Kh8 25. Qxe4 1-0

[Event "20th HZ Open 2016"]
[Site "Vlissingen NED"]
[Date "2016.08.06"]
[Round "1.28"]
[White "Schakel, Lemmy"]
[Black "Nitin, S."]
[Result "0-1"]
[BlackTitle "IM"]
[WhiteElo "1871"]
[BlackElo "2398"]
[WhiteFideId "1036963"]
[BlackFideId "5018277"]
[EventDate "2016.08.06"]

1. e4 c5 2. c4 b6 3. Nc3 Bb7 4. g3 Nc6 5. Bg2 g6 6. Nge2 Bg7 7. O-O e6 8. d3
Nge7 9. Rb1 O-O 10. a3 Nd4 11. Be3 d5 12. b4 dxc4 13. bxc5 Nxe2+ 14. Nxe2 cxd3
15. Nf4 e5 16. Nxd3 Ba6 17. Rb3 bxc5 18. Bxc5 Qc7 19. Bb4 Rfd8 20. Qc1 Nc6 21.
Rd1 Qd7 22. Bh3 f5 23. exf5 Nd4 24. Rb2 Nf3+ 25. Kg2 Bxd3 26. f6 Qd5 27. fxg7
Ng5+ 28. Kg1 Nxh3# 0-1

[Event "20th HZ Open 2016"]
[Site "Vlissingen NED"]
[Date "2016.08.06"]
[Round "1.29"]
[White "Van Foreest, Lucas"]
[Black "Verhoef, Harry"]
[Result "1-0"]
[WhiteElo "2393"]
[BlackElo "1865"]
[WhiteFideId "1039792"]
[BlackFideId "1026933"]
[EventDate "2016.08.06"]

1. e4 c5 2. Nf3 g6 3. Bc4 Bg7 4. O-O e6 5. d4 cxd4 6. Nxd4 a6 7. Nc3 Nc6 8. Be3
Nge7 9. Nxc6 bxc6 10. Bd4 O-O 11. Bxg7 Kxg7 12. Qd4+ f6 13. Qd6 Kf7 14. Na4 Qa5
15. Nc5 Rd8 16. Rad1 Ke8 17. Rd3 f5 18. Qe5 Kf7 19. b4 Qb6 20. Rd6 fxe4 21. Re1
Nd5 22. Bxd5 exd5 23. Qf6+ Kg8 24. Ne6 1-0

[Event "20th HZ Open 2016"]
[Site "Vlissingen NED"]
[Date "2016.08.06"]
[Round "1.30"]
[White "De Vroe, Philip"]
[Black "Van Delft, Merijn"]
[Result "0-1"]
[BlackTitle "IM"]
[WhiteElo "1864"]
[BlackElo "2391"]
[WhiteFideId "208574"]
[BlackFideId "1004670"]
[EventDate "2016.08.06"]

1. e4 c5 2. Nf3 e6 3. d4 cxd4 4. Nxd4 a6 5. Nc3 Qc7 6. a3 b5 7. Bd3 Bb7 8. O-O
Bc5 9. Nb3 Be7 10. f4 d6 11. Qe2 Nd7 12. Be3 Ngf6 13. Rad1 O-O 14. Rf3 Rfe8 15.
Rh3 Bf8 16. Qf2 g6 17. Qh4 Bg7 18. g4 Nf8 19. Rf1 Rac8 20. f5 exf5 21. gxf5 d5
22. e5 Rxe5 23. Bd4 N8d7 24. Bxe5 Qxe5 25. Qf4 Qe7 26. Qe3 Qxe3+ 27. Rxe3 d4 28.
Re7 dxc3 29. fxg6 hxg6 30. bxc3 Bd5 31. Nd4 Rxc3 0-1

[Event "20th HZ Open 2016"]
[Site "Vlissingen NED"]
[Date "2016.08.06"]
[Round "1.31"]
[White "Timmermans, Mark"]
[Black "Niewenhuis, Ruud"]
[Result "1-0"]
[WhiteTitle "FM"]
[WhiteElo "2387"]
[BlackElo "1864"]
[WhiteFideId "1026399"]
[BlackFideId "1002970"]
[EventDate "2016.08.06"]

1. e4 c5 2. Nf3 Nf6 3. Nc3 Nc6 4. d4 d5 5. exd5 Nxd5 6. Bb5 Nxc3 7. bxc3 Qa5 8.
Rb1 a6 9. Bxc6+ bxc6 10. O-O e6 11. Ne5 Qc7 12. Qf3 Bb7 13. Nc4 Ra7 14. Bf4 Qd8
15. Rfd1 Bc8 16. dxc5 Rd7 17. Qxc6 1-0

[Event "20th HZ Open 2016"]
[Site "Vlissingen NED"]
[Date "2016.08.06"]
[Round "1.32"]
[White "Reichardt, Robin"]
[Black "Rosen, Eric S"]
[Result "0-1"]
[BlackTitle "IM"]
[WhiteElo "1863"]
[BlackElo "2385"]
[WhiteFideId "1051067"]
[BlackFideId "2032562"]
[EventDate "2016.08.06"]

1. d4 Nf6 2. Nf3 d5 3. c4 e6 4. Nc3 Be7 5. Bf4 O-O 6. e3 Nbd7 7. Be2 dxc4 8.
Bxc4 Nb6 9. Bb3 Nbd5 10. Nxd5 Nxd5 11. Bxd5 Bb4+ 12. Nd2 exd5 13. O-O Re8 14.
Rc1 c6 15. Nf3 Bg4 16. Qb3 Qb6 17. a3 Bf8 18. Qxb6 axb6 19. Ne5 Bf5 20. Rfd1 Ra4
21. Nd3 Rc4 22. Rxc4 dxc4 23. Ne5 b5 24. Nf3 f6 25. d5 Rd8 26. d6 Bd3 27. Ne1
Bxd6 28. Bxd6 Rxd6 29. e4 Rd4 30. f3 c5 31. Kf2 f5 32. e5 g5 33. g3 Kf7 34. h4
gxh4 35. gxh4 Ke6 36. Nxd3 cxd3 37. Ke3 Kxe5 38. f4+ Rxf4 39. Rxd3 Rd4 40. Rc3
b6 41. Rb3 b4 42. axb4 Rxh4 0-1

[Event "20th HZ Open 2016"]
[Site "Vlissingen NED"]
[Date "2016.08.06"]
[Round "1.33"]
[White "Perske, Thore"]
[Black "De Kleuver, Jonathan"]
[Result "1-0"]
[WhiteTitle "FM"]
[WhiteElo "2377"]
[BlackElo "1856"]
[WhiteFideId "12902195"]
[BlackFideId "1032690"]
[EventDate "2016.08.06"]

1. e4 Nf6 2. e5 Nd5 3. Nc3 Nxc3 4. dxc3 Nc6 5. Nf3 g6 6. Bc4 Bg7 7. Qe2 O-O 8.
Bf4 d6 9. O-O-O Bg4 10. e6 fxe6 11. Bxe6+ Bxe6 12. Qxe6+ Kh8 13. Bg5 Qc8 14.
Rhe1 Be5 15. Qxc8 Raxc8 16. Nxe5 Nxe5 17. Rd2 Rf7 18. f4 Nc6 19. Re6 Kg7 20. g3
Re8 21. c4 Ne5 22. Re2 Nc6 23. R6e4 h6 24. Bh4 e5 25. g4 Ref8 26. fxe5 Nxe5 27.
Bg3 Rf1+ 28. Kd2 Nf3+ 29. Kc3 Ng5 30. Re7+ R8f7 31. a4 Rxe7 32. Rxe7+ Rf7 33.
Re2 Rf3+ 34. Kb4 Kf7 35. a5 Ne6 36. a6 b6 37. Rf2 Rxf2 38. Bxf2 c5+ 39. Kb5 Nd8
40. Bh4 g5 41. Be1 Ke7 42. Bc3 Kd7 43. Bg7 Nf7 44. h3 Kc7 45. c3 Kd7 46. b4 Kc7
47. Ka4 cxb4 48. cxb4 Kc6 49. b5+ Kc5 50. Kb3 d5 51. Bf8+ Nd6 52. cxd5 Kxd5 53.
Kb4 Nf7 54. Bg7 Ke4 55. Bf6 Kd5 56. Be7 Ke6 57. Bf8 Kd5 58. Ka4 Kd4 59. Bb4 Ne5
60. Bd6 Nd7 61. Kb4 Ke4 62. Kc4 Ne5+ 63. Kc3 Nd7 64. Bh2 Kd5 65. Bg1 Nc5 66. Bd4
Na4+ 67. Kd3 Nc5+ 68. Ke3 Ne6 69. Bf6 Kc4 70. Ke4 Kxb5 71. Kf5 Nf4 72. h4 Kxa6
73. h5 Nd5 74. Bxg5 1-0

[Event "20th HZ Open 2016"]
[Site "Vlissingen NED"]
[Date "2016.08.06"]
[Round "1.34"]
[White "De Meester, Johan"]
[Black "Berchtenbreiter, Maximilian"]
[Result "0-1"]
[BlackTitle "IM"]
[WhiteElo "1853"]
[BlackElo "2373"]
[WhiteFideId "1013106"]
[BlackFideId "24641120"]
[EventDate "2016.08.06"]

1. c4 g6 2. g3 Bg7 3. Bg2 e5 4. Nc3 f5 5. d3 Nf6 6. Nf3 Qe7 7. O-O O-O 8. Bg5 c6
9. Rb1 h6 10. Bd2 Na6 11. Nh4 Kh7 12. a3 Nc7 13. b4 d5 14. cxd5 cxd5 15. Re1 d4
16. Na4 Ncd5 17. e3 dxe3 18. Bxe3 Nxe3 19. Rxe3 Qd6 20. Nc5 Rb8 21. Rc1 b6 22.
Nb3 Bd7 23. Nf3 Nd5 24. Re1 Ba4 25. Nfd2 Rbd8 26. Nc4 Qb8 27. Nb2 Bb5 28. a4 Ba6
29. b5 Bb7 30. Nc4 Rfe8 31. Qd2 e4 32. dxe4 Nc3 33. Qc2 Nxe4 34. Nbd2 Ng5 35.
Rxe8 Rxe8 36. Bxb7 Qxb7 37. Nd6 Nh3+ 0-1

[Event "20th HZ Open 2016"]
[Site "Vlissingen NED"]
[Date "2016.08.06"]
[Round "1.35"]
[White "Warmerdam, Max"]
[Black "Van Gemert, Jean-Pierre"]
[Result "1-0"]
[WhiteTitle "FM"]
[WhiteElo "2372"]
[BlackElo "1853"]
[WhiteFideId "1048104"]
[BlackFideId "1026666"]
[EventDate "2016.08.06"]

1. e4 c5 2. Nf3 d6 3. d4 cxd4 4. Nxd4 Nf6 5. Nc3 g6 6. Be3 Bg7 7. f3 O-O 8. Qd2
Nc6 9. g4 Bd7 10. O-O-O Rc8 11. h4 Ne5 12. Kb1 Nc4 13. Bxc4 Rxc4 14. h5 a5 15.
Nde2 b5 16. Bh6 b4 17. Bxg7 Kxg7 18. Nd5 Rh8 19. h6+ Kg8 20. Nxf6+ exf6 21. Qxd6
Rc7 22. Nf4 1-0

[Event "20th HZ Open 2016"]
[Site "Vlissingen NED"]
[Date "2016.08.06"]
[Round "1.36"]
[White "Westerweele, Maarten"]
[Black "Maris, Ivo"]
[Result "0-1"]
[BlackTitle "FM"]
[WhiteElo "1853"]
[BlackElo "2370"]
[WhiteFideId "1011774"]
[BlackFideId "1028146"]
[EventDate "2016.08.06"]

1. e4 g6 2. d4 Bg7 3. Nf3 d6 4. Nc3 Nf6 5. Bf4 O-O 6. Qd2 a6 7. O-O-O b5 8. Bd3
Bb7 9. e5 Nh5 10. Bh6 Bxf3 11. gxf3 d5 12. Bxg7 Kxg7 13. Ne2 e6 14. h4 f6 15.
Ng3 Nxg3 16. fxg3 fxe5 17. h5 g5 18. h6+ Kh8 19. Rh5 Rxf3 20. Qxg5 Qxg5+ 21.
Rxg5 e4 22. Rf1 Rxf1+ 23. Bxf1 Nc6 24. c3 Rg8 25. Rxg8+ Kxg8 26. a4 Na7 27. Kd2
Kf7 28. Ke3 Nc8 29. axb5 axb5 30. Bxb5 Nd6 31. Be2 Nf5+ 32. Kf4 Nxh6 33. g4 Ke7
34. c4 Nf7 35. c5 Nd8 36. Bb5 Nf7 37. b4 Kf6 38. Be2 e5+ 39. Ke3 Ng5 40. b5 Ne6
41. dxe5+ Kxe5 42. b6 d4+ 43. Kf2 cxb6 44. cxb6 Nc5 45. Bc4 h6 46. Ke2 Kd6 0-1

[Event "20th HZ Open 2016"]
[Site "Vlissingen NED"]
[Date "2016.08.06"]
[Round "1.37"]
[White "Vereggen, Lars"]
[Black "Baete, Guy"]
[Result "1-0"]
[WhiteTitle "FM"]
[WhiteElo "2359"]
[BlackElo "1844"]
[WhiteFideId "1029258"]
[BlackFideId "207187"]
[EventDate "2016.08.06"]

1. e4 d6 2. d4 e5 3. Ne2 Nf6 4. Nbc3 Be7 5. f3 O-O 6. Be3 Nbd7 7. Qd2 c5 8. dxe5
dxe5 9. O-O-O Qa5 10. Kb1 b5 11. Nd5 Qd8 12. Nxe7+ Qxe7 13. g4 Nb6 14. g5 Nh5
15. Nc3 Be6 16. Bxb5 Rfd8 17. Qf2 Nf4 18. h4 Rd4 19. Bxf4 Rxd1+ 20. Rxd1 exf4
21. Qd2 Qc7 22. Qd6 Qxd6 23. Rxd6 Kf8 24. Ne2 Ke7 25. Rd1 a6 26. Bc6 Rc8 27. Bd5
Bxd5 28. exd5 Kd6 29. Nxf4 Re8 30. Nh5 Re3 31. Nxg7 Rxf3 32. Ne8+ Ke5 33. d6 Rh3
34. Nf6 1-0

[Event "20th HZ Open 2016"]
[Site "Vlissingen NED"]
[Date "2016.08.06"]
[Round "1.38"]
[White "De Kraker, Lena"]
[Black "Freeke, Matthieu"]
[Result "0-1"]
[BlackTitle "FM"]
[WhiteElo "1844"]
[BlackElo "2354"]
[WhiteFideId "1045776"]
[BlackFideId "1013459"]
[EventDate "2016.08.06"]

1. e4 e5 2. Nf3 Nc6 3. Bb5 a6 4. Ba4 Nf6 5. O-O Be7 6. Re1 b5 7. Bb3 d6 8. h3
Na5 9. c3 Nxb3 10. Qxb3 O-O 11. d3 c5 12. Nbd2 h6 13. Nf1 Re8 14. Ng3 Bf8 15.
Be3 Bb7 16. Rad1 d5 17. Qc2 d4 18. cxd4 cxd4 19. Bd2 Nd7 20. Rc1 Rc8 21. Qb1 Nc5
22. b4 Na4 23. Rxc8 Bxc8 24. Rc1 f6 25. Nh4 Be6 26. Nhf5 Qd7 27. Rc2 Kh7 28. Qc1
Rc8 29. Kf1 Nc3 30. Bxc3 dxc3 31. Rxc3 Qxd3+ 0-1